[Event "Lichtenberger Sommer"]
[Site "Berlin"]
[Date "2009.08.18"]
[Round "4.71"]
[White "Kohlmeyer, Dagobert"]
[Black "Gabriel, Liem Thanh"]
[Result "0-1"]
[WhiteElo "1912"]
[BlackElo "1790"]
[PlyCount "78"]
[EventDate "2009.??.??"]
[WhiteTeam "SC Rochade e.V."]
[BlackTeam "Treptower SV 1949 e.V."]

1. e4 e6 2. d4 d5 3. Nc3 Bb4 4. e5 c5 5. a3 Bxc3+ 6. bxc3 Ne7 7. Nf3 Nbc6 8. a4
Qa5 9. Bd2 Bd7 10. c4 Qc7 11. cxd5 exd5 12. c3 Bg4 13. Bb5 O-O 14. Rc1 a6 15.
Bd3 Nf5 16. h3 Bxf3 17. Qxf3 Nfe7 18. Qh5 Ng6 19. O-O Qa5 20. f4 cxd4 21. Bf5
Qxa4 22. e6 Nce7 23. exf7+ Rxf7 24. Be6 Raf8 25. f5 Ne5 26. f6 N7g6 27. Bxd5
dxc3 28. Bxc3 gxf6 29. Rxf6 Qa3 30. Rff1 Qc5+ 31. Kh1 Qxd5 32. Rfe1 Nf4 33.
Qg5+ Rg7 34. Qxg7+ Kxg7 35. Bxe5+ Kg8 36. Bxf4 Rxf4 37. Re7 b5 38. Rce1 b4 39.
R7e5 Rf1+ 0-1

[Event "Lichtenberger Sommer"]
[Site "Berlin"]
[Date "2009.08.18"]
[Round "4.72"]
[White "Glöß, Henrik"]
[Black "Rickmann, David"]
[Result "1-0"]
[WhiteElo "1533"]
[BlackElo "1763"]
[PlyCount "71"]
[EventDate "2009.??.??"]
[WhiteTeam "Sfr.Nord-Ost Berlin"]
[BlackTeam "SG Aufbau Elbe Magdeburg"]

1. d4 f5 2. g3 g6 3. Bg2 Bg7 4. c3 Nf6 5. Nh3 h6 6. Qc2 d6 7. Nd2 Nc6 8. O-O
O-O 9. e4 Kh7 10. Nf4 e5 11. dxe5 Nxe5 12. exf5 Bxf5 13. Qb3 Rb8 14. Ne6 Bxe6
15. Qxe6 Re8 16. Qb3 Nd3 17. Nf3 Nxc1 18. Raxc1 Qd7 19. Rcd1 Ne4 20. Qc2 Qf7
21. Nh4 Nf6 22. Rfe1 b6 23. Bc6 Rf8 24. Re2 Ng8 25. Rde1 Bf6 26. Nxg6 Kg7 27.
Nxf8 Rxf8 28. Qe4 Ne7 29. Qg4+ Kh8 30. Bf3 Bg5 31. Bg2 Ng6 32. Qe6 Qg7 33. f4
Bf6 34. Qg4 Qf7 35. Qh5 Nxf4 36. Qxh6+ 1-0

[Event "Lichtenberger Sommer"]
[Site "Berlin"]
[Date "2009.08.18"]
[Round "4.73"]
[White "Bergmann, Jens"]
[Black "Sotter-Klundt, Gerlinde"]
[Result "1/2-1/2"]
[WhiteElo "1824"]
[BlackElo "1839"]
[PlyCount "71"]
[EventDate "2009.??.??"]
[WhiteTeam "SK Tempelhof 1931 e.V."]
[BlackTeam "SC S.-W. Schweinheim"]

1. d4 d5 2. Bf4 Nf6 3. e3 e6 4. h3 Bd6 5. Bg5 h6 6. Bxf6 Qxf6 7. Nf3 c5 8. Nc3
cxd4 9. exd4 Nc6 10. Bd3 O-O 11. a3 a6 12. Ne2 Bd7 13. Qd2 e5 14. dxe5 Nxe5 15.
Nxe5 Qxe5 16. c3 Ba4 17. f4 Qe7 18. O-O Bc5+ 19. Nd4 Qf6 20. Kh1 Bc6 21. Rf3
Bxd4 22. cxd4 Rfe8 23. Bc2 Bb5 24. Rf2 Re7 25. Bd3 Bxd3 26. Qxd3 Rae8 27. Rd1
Re4 28. Qd2 Qe7 29. Kh2 Re2 30. Rxe2 Qxe2 31. Qc1 Re7 32. Qc8+ Kh7 33. Qf5+ g6
34. Qf6 Qe6 35. Qxe6 Rxe6 36. Rd2 1/2-1/2

[Event "Lichtenberger Sommer"]
[Site "Berlin"]
[Date "2009.08.18"]
[Round "4.74"]
[White "Bauer, Stefan"]
[Black "Penner, Markus"]
[Result "0-1"]
[WhiteElo "1773"]
[BlackElo "1886"]
[PlyCount "78"]
[EventDate "2009.??.??"]
[WhiteTeam "SC Kreuzberg e.V."]
[BlackTeam "SK Zehlendorf e.V."]

1. Nf3 Nf6 2. d4 g6 3. g3 Bg7 4. Bg2 O-O 5. Nbd2 d6 6. O-O Nbd7 7. e4 e5 8. d5
a5 9. a4 Nc5 10. Re1 Ne8 11. Nf1 f5 12. Bg5 Nf6 13. exf5 Bxf5 14. Nh4 Bd7 15.
c3 Qc8 16. Ra3 Bh3 17. f3 Bxg2 18. Kxg2 c6 19. c4 e4 20. Qd2 exf3+ 21. Nxf3
Nfe4 22. Qc1 Qf5 23. Bf4 cxd5 24. Ne3 Qf6 25. Nxd5 Qxb2+ 26. Qxb2 Bxb2 27. Rae3
g5 28. Nxg5 Nxg5 29. Bxg5 Nxa4 30. Rb3 Bd4 31. Rxb7 Nc5 32. Rc7 Rae8 33. Ne7+
Kh8 34. Rb1 Ne6 35. Rc6 Nxg5 36. Rxd6 Rf2+ 37. Kh1 Nf3 38. Rh6 Rxe7 39. g4 Ree2
0-1

[Event "Lichtenberger Sommer"]
[Site "Berlin"]
[Date "2009.08.18"]
[Round "4.75"]
[White "Casny, Guenter"]
[Black "Stolze, Dirk"]
[Result "1-0"]
[WhiteElo "1865"]
[BlackElo "1536"]
[PlyCount "111"]
[EventDate "2009.??.??"]
[WhiteTeam "SC Rochade e.V."]
[BlackTeam "SK Tempelhof 1931 e.V."]

1. Nf3 c6 2. b3 d5 3. Bb2 Nf6 4. d3 e6 5. Nbd2 Bd6 6. g3 Nbd7 7. Bg2 O-O 8. O-O
e5 9. e4 d4 10. Nc4 Bc7 11. a4 b5 12. Ncd2 a5 13. Qe2 Rb8 14. Ba3 Re8 15. Rfb1
Nb6 16. Bc1 b4 17. Nf1 Qd6 18. h3 Bd8 19. Ne1 Nbd7 20. f4 Rb6 21. Nf3 c5 22.
fxe5 Nxe5 23. Nxe5 Qxe5 24. Bf4 Qe7 25. Qf3 Bc7 26. Bxc7 Qxc7 27. Nd2 Nd7 28.
Qf4 Qd8 29. Nf3 Rf6 30. Qd2 Ne5 31. Nxe5 Rxe5 32. Rf1 Ree6 33. Rf4 h6 34. Raf1
Qe7 35. Qf2 Qc7 36. Kh2 Qe5 37. Qf3 Bd7 38. Qe2 Kh8 39. R1f2 Qd6 40. Qh5 Qe7
41. Rxf6 Rxf6 42. Rxf6 gxf6 43. Qxh6+ Kg8 44. Qf4 Be6 45. Qb8+ Kg7 46. Qb6 f5
47. Qxa5 Qd6 48. exf5 Bxf5 49. Qa8 Qe5 50. Qd5 Qf6 51. Qf3 Qe5 52. Qf4 Qe6 53.
g4 Bh7 54. a5 Qa6 55. Qe5+ Kf8 56. Qxc5+ 1-0

[Event "Lichtenberger Sommer"]
[Site "Berlin"]
[Date "2009.08.18"]
[Round "4.76"]
[White "Richter, Dirk"]
[Black "Körner, Helmut"]
[Result "1/2-1/2"]
[WhiteElo "1448"]
[BlackElo "1947"]
[PlyCount "80"]
[EventDate "2009.??.??"]
[WhiteTeam "SG Lok Brandenburg, Abt. Schach"]
[BlackTeam "Sfr.Nord-Ost Berlin"]

1. e4 d5 2. exd5 Nf6 3. Bb5+ Bd7 4. Bc4 b5 5. Bb3 Bg4 6. f3 Bc8 7. Nc3 a6 8.
Nge2 Bb7 9. a4 b4 10. Ne4 Bxd5 11. Nxf6+ exf6 12. c4 bxc3 13. dxc3 Bxb3 14.
Qxb3 Nd7 15. Be3 Bd6 16. O-O O-O 17. Rfe1 f5 18. Qc4 Qf6 19. Qd4 Bc5 20. Qd2
Rfd8 21. Nd4 h6 22. Qf2 f4 23. Bd2 Ne5 24. Re4 g5 25. Qe2 Nc6 26. Qc4 Nxd4 27.
Qxc5 Nb3 28. Qxc7 Nxa1 29. Bxf4 gxf4 30. Rxf4 Qe6 31. Re4 Qd6 32. Qc4 Qd1+ 33.
Kf2 Rd2+ 34. Kg3 Qc2 35. Rg4+ Kh8 36. Kh3 Qf5 37. Qc6 Qh5+ 38. Rh4 Qf5+ 39. Rg4
Qh5+ 40. Rh4 Qf5+ 1/2-1/2

[Event "Lichtenberger Sommer"]
[Site "Berlin"]
[Date "2009.08.18"]
[Round "4.77"]
[White "Peschke, Matthias"]
[Black "Krüger, Stefan"]
[Result "1/2-1/2"]
[WhiteElo "1741"]
[BlackElo "1609"]
[PlyCount "69"]
[EventDate "2009.??.??"]
[WhiteTeam "SK Marmstorf GW Harburg"]
[BlackTeam "SC Friesen Lichtenberg e.V."]

1. c4 c5 2. g3 e6 3. Bg2 Nf6 4. d3 d5 5. cxd5 Nxd5 6. Nc3 Nxc3 7. bxc3 Be7 8.
Rb1 Qa5 9. Bxb7 Bxb7 10. Rxb7 Qxa2 11. Nf3 Nc6 12. O-O O-O 13. Bd2 Rab8 14. Qb1
Qa6 15. Rxb8 Rxb8 16. Qc2 Qb6 17. Ra1 Qb2 18. Ra2 Qxc2 19. Rxc2 a5 20. Ra2 Ra8
21. Ne1 Ra6 22. Nc2 Kf8 23. Ne3 Ke8 24. Nc4 Kd7 25. Kf1 Kc7 26. Ke1 Ra7 27. Kd1
Kb7 28. Kc2 Ka6 29. Rb2 Rb7 30. Rxb7 Kxb7 31. Kb3 Ka6 32. Ka4 f6 33. Be3 e5 34.
Nd2 Nd8 35. Nb3 1/2-1/2

[Event "Lichtenberger Sommer"]
[Site "Berlin"]
[Date "2009.08.18"]
[Round "4.78"]
[White "Kiesewetter, Peter"]
[Black "Völler, Lothar"]
[Result "1-0"]
[WhiteElo "1906"]
[BlackElo "1509"]
[PlyCount "75"]
[EventDate "2009.??.??"]
[WhiteTeam "SC Schwarz-Weiß Lichtenrade e.V."]
[BlackTeam "Freier Sportverein von 1898 Dort"]

1. Nf3 d6 2. d4 g6 3. Bf4 Bg7 4. e3 Nf6 5. Bc4 O-O 6. h3 Nc6 7. Nbd2 Re8 8. O-O
h6 9. c3 e5 10. Bh2 e4 11. Ne1 d5 12. Bb5 a6 13. Be2 Ne7 14. c4 c6 15. f3 Nf5
16. Nc2 exf3 17. Rxf3 Nh4 18. Rf2 Nf5 19. Be5 Be6 20. cxd5 cxd5 21. Rc1 Nd7 22.
Bxg7 Kxg7 23. Bd3 Qh4 24. Rf4 Qe7 25. b3 Rac8 26. e4 dxe4 27. Bxe4 Qd6 28. Rf2
Nxd4 29. Bxb7 Rxc2 30. Rxc2 Nxc2 31. Qxc2 Qb6 32. Bc6 Rd8 33. Qc3+ Kg8 34. Bxd7
Rxd7 35. Qb2 Qe3 36. Nf1 Rd1 37. Kh2 Bd5 38. Nxe3 1-0

[Event "Lichtenberger Sommer"]
[Site "Berlin"]
[Date "2009.08.18"]
[Round "4.79"]
[White "Paris, Gerhard"]
[Black "Ritter, Uwe"]
[Result "0-1"]
[WhiteElo "1671"]
[BlackElo "1737"]
[PlyCount "48"]
[EventDate "2009.??.??"]
[WhiteTeam "TSG Oberschöneweide e.V."]
[BlackTeam "Reideburger SV 90 Halle"]

1. e4 e6 2. d4 d5 3. e5 c5 4. c3 Nc6 5. Nf3 Qb6 6. Bd3 Bd7 7. Bc2 cxd4 8. cxd4
Nb4 9. O-O Nxc2 10. Qxc2 Rc8 11. Nc3 Bb4 12. a3 Bxc3 13. bxc3 Ne7 14. Rb1 Qa6
15. Bd2 Bb5 16. Rfe1 Bd3 17. Qb2 Bxb1 18. Rxb1 Rc7 19. h4 O-O 20. g4 Qd3 21.
Kg2 Qe4 22. Kg3 f5 23. Nh2 fxg4 24. Re1 Nf5# 0-1

[Event "Lichtenberger Sommer"]
[Site "Berlin"]
[Date "2009.08.18"]
[Round "4.80"]
[White "Llacer Bosbach, Ana"]
[Black "Albinus, Günter"]
[Result "0-1"]
[WhiteElo "1492"]
[BlackElo "1875"]
[PlyCount "47"]
[EventDate "2009.??.??"]
[WhiteTeam "CIM Benimaclet - Valencia"]
[BlackTeam "SG Weißensee 49 e.V."]

1. e4 c5 2. Nf3 d6 3. d4 cxd4 4. Nxd4 Nf6 5. Nc3 Nc6 6. Nxc6 bxc6 7. Bd3 e5 8.
h3 Be7 9. Qf3 Be6 10. O-O O-O 11. b3 d5 12. exd5 cxd5 13. Qd1 Rc8 14. Bb2 Qa5
15. Na4 e4 16. Be2 Bd7 17. Rc1 Bxa4 18. Bxf6 Bxf6 19. bxa4 Rfd8 20. Bg4 Rc3 21.
Re1 Qxa4 22. Rb1 Qxc2 23. Qxd5 Rxd5 24. Rb8+ 0-1

[Event "Lichtenberger Sommer"]
[Site "Berlin"]
[Date "2009.08.18"]
[Round "4.81"]
[White "Roth, Joachim"]
[Black "Knaak, Hans"]
[Result "1/2-1/2"]
[WhiteElo "1891"]
[BlackElo "1753"]
[PlyCount "75"]
[EventDate "2009.??.??"]
[WhiteTeam "SG Bund"]
[BlackTeam "Forster Schachclub 95"]

1. d4 Nf6 2. Nf3 g6 3. e3 Bg7 4. c4 d5 5. Nc3 O-O 6. Qc2 c5 7. Be2 a6 8. O-O
dxc4 9. Bxc4 Qc7 10. Nd5 Nxd5 11. Bxd5 Nd7 12. Nd2 Qd6 13. Bf3 cxd4 14. exd4
Qxd4 15. g3 Ne5 16. Bg2 Nd3 17. Nb3 Qd6 18. Qe2 Nc5 19. Bf4 e5 20. Rfd1 Qe7 21.
Nxc5 Qxc5 22. Be3 Qb4 23. Rac1 Re8 24. Rc4 Qe7 25. Rdc1 Rb8 26. Rc7 Qe6 27. Qd2
e4 28. Bf1 b5 29. a4 Qb3 30. axb5 axb5 31. Bd4 Be6 32. Bxg7 Kxg7 33. Qd4+ Kg8
34. Qf6 Rbd8 35. Re7 e3 36. Rxe8+ Rxe8 37. Qc3 exf2+ 38. Kxf2 1/2-1/2

[Event "Lichtenberger Sommer"]
[Site "Berlin"]
[Date "2009.08.18"]
[Round "4.82"]
[White "Uckar, Klaudijo"]
[Black "Maslov, Maxim"]
[Result "1/2-1/2"]
[WhiteElo "1875"]
[BlackElo "1412"]
[PlyCount "52"]
[EventDate "2009.??.??"]
[WhiteTeam "SC Kreuzberg e.V."]
[BlackTeam "vereinslos"]

1. e4 c5 2. Nf3 Nc6 3. d4 cxd4 4. Nxd4 g6 5. Nc3 Bg7 6. Be3 Nf6 7. Be2 d5 8.
Nxc6 bxc6 9. exd5 Nxd5 10. Nxd5 cxd5 11. Bb5+ Kf8 12. O-O Rb8 13. c4 a6 14. Bc6
Bb7 15. cxd5 Bxb2 16. Rb1 Bxc6 17. Rxb2 Rxb2 18. Qd4 f6 19. Qxb2 Qxd5 20. f3
Kf7 21. Re1 Rd8 22. Qb6 Bb5 23. a4 Bxa4 24. Qxa6 Ra8 25. Qb6 Qa5 26. Qb1 Qc7
1/2-1/2

[Event "Lichtenberger Sommer"]
[Site "Berlin"]
[Date "2009.08.18"]
[Round "4.83"]
[White "Stadelmann, Bernd"]
[Black "Alvarez, Luis"]
[Result "0-1"]
[WhiteElo "1409"]
[BlackElo "1870"]
[PlyCount "64"]
[EventDate "2009.??.??"]
[WhiteTeam "SC Freibauer Schöneberg"]
[BlackTeam "Schachclub Zug um Zug Everswinke"]

1. d4 d5 2. e4 dxe4 3. Nc3 Nf6 4. f3 e3 5. Bxe3 e6 6. Bc4 Bb4 7. Nge2 O-O 8.
O-O Nc6 9. Ne4 h6 10. c3 Be7 11. Qe1 Nd5 12. Bc1 e5 13. Bxd5 Qxd5 14. Bxh6 gxh6
15. Qg3+ Kh7 16. Rad1 f5 17. dxe5 Qxe5 18. Qxe5 Nxe5 19. Nf2 Nc4 20. Rd3 Nxb2
21. Re3 Bd6 22. f4 Nc4 23. Rd3 b6 24. Rd4 Ne3 25. Rc1 Ng4 26. Nd3 Ba6 27. c4
Rae8 28. Nc3 Ne3 29. c5 bxc5 30. Ra4 Bxd3 31. Rxa7 Ra8 32. Rb7 Bxf4 0-1

[Event "Lichtenberger Sommer"]
[Site "Berlin"]
[Date "2009.08.18"]
[Round "4.84"]
[White "Prix, Siegfried"]
[Black "Stark, Steven"]
[Result "1-0"]
[WhiteElo "1803"]
[BlackElo "1169"]
[PlyCount "59"]
[EventDate "2009.??.??"]
[WhiteTeam "Sfrd. Berlin 1903 e.V."]
[BlackTeam "VfB Hermsdorf e.V."]

1. e4 e5 2. Nf3 Nc6 3. d4 d6 4. dxe5 Bg4 5. exd6 Bxd6 6. Be2 Nge7 7. Nc3 a6 8.
O-O Ng6 9. Nd5 Nce5 10. Nxe5 Bxe2 11. Qxe2 Nxe5 12. f4 Nc6 13. Be3 O-O 14. Rad1
Qb8 15. e5 Nxe5 16. fxe5 Bxe5 17. Bc5 Qe8 18. Ne7+ Kh8 19. Qxe5 f6 20. Qxc7 h6
21. Qd7 Qh5 22. Qf5 Qxf5 23. Rxf5 Kh7 24. Rd7 b5 25. Rfd5 Rfe8 26. Nf5 Re2 27.
Rxg7+ Kh8 28. Rdd7 Rxc2 29. Rh7+ Kg8 30. Rdg7# 1-0

[Event "Lichtenberger Sommer"]
[Site "Berlin"]
[Date "2009.08.18"]
[Round "4.85"]
[White "Bockelmann, Rolf"]
[Black "Heldt, Ronny"]
[Result "1-0"]
[WhiteElo "1824"]
[BlackElo "1112"]
[PlyCount "65"]
[EventDate "2009.??.??"]
[WhiteTeam "SG Lasker Steglitz-Wilmersdorf"]
[BlackTeam "Treptower SV 1949 e.V."]

1. e4 e6 2. d4 d5 3. Nc3 Nf6 4. Bg5 Nbd7 5. exd5 exd5 6. Nxd5 h6 7. Nxf6+ Nxf6
8. Bh4 c5 9. Bb5+ Bd7 10. Bxd7+ Qxd7 11. Nf3 cxd4 12. O-O Be7 13. Re1 O-O 14.
Nxd4 Rad8 15. c3 Nd5 16. Bg3 Rfe8 17. Qb3 Bf6 18. Rxe8+ Rxe8 19. h3 Nb6 20. Nb5
Nc8 21. Rd1 Qe6 22. c4 Qb6 23. Qc2 a6 24. Nc7 Rd8 25. Nd5 Qc6 26. b3 Ne7 27.
Nxf6+ gxf6 28. Rxd8+ Kg7 29. Rd6 Qc5 30. Qc3 Qf5 31. Rxf6 Qb1+ 32. Kh2 Kh7 33.
Rxf7+ 1-0

[Event "Lichtenberger Sommer"]
[Site "Berlin"]
[Date "2009.08.18"]
[Round "4.86"]
[White "Stiewe, Frank"]
[Black "Kujawa, Werner"]
[Result "0-1"]
[WhiteElo "1372"]
[BlackElo "1885"]
[PlyCount "52"]
[EventDate "2009.??.??"]
[WhiteTeam "vereinslos"]
[BlackTeam "SV Motor Wildau e.V."]

1. e4 c5 2. Nf3 d6 3. d4 cxd4 4. Nxd4 Nf6 5. Nc3 a6 6. Bd3 e6 7. g4 Nc6 8. Be3
Nxd4 9. Bxd4 e5 10. Be3 Bxg4 11. Qd2 d5 12. Nxd5 Nxd5 13. exd5 Qxd5 14. Rg1 Be6
15. O-O-O Qxa2 16. c3 Qa5 17. Qc2 h6 18. Rdf1 Rc8 19. Kd2 Qc7 20. f4 Bc5 21.
Bxc5 Qxc5 22. f5 Bc4 23. Bxc4 Qxc4 24. Rxg7 Qxf1 25. Qa4+ Kf8 26. Qg4 Qf4+ 0-1

[Event "Lichtenberger Sommer"]
[Site "Berlin"]
[Date "2009.08.18"]
[Round "4.87"]
[White "Geldner, Gerrit"]
[Black "Hesselbarth, Karlheinz"]
[Result "0-1"]
[WhiteElo "1091"]
[BlackElo "1864"]
[PlyCount "137"]
[EventDate "2009.??.??"]
[WhiteTeam "SC Friesen Lichtenberg e.V."]
[BlackTeam "SC Zugzwang 95 e.V."]

1. e4 c5 2. Nf3 e6 3. d4 cxd4 4. Nxd4 Nf6 5. Nc3 Bb4 6. Bd2 Bxc3 7. Bxc3 Nxe4
8. Bb4 Qb6 9. Bc3 Nc6 10. f3 Nxc3 11. bxc3 O-O 12. Nb5 d5 13. Qd2 Rd8 14. Nd4
e5 15. Nxc6 bxc6 16. Rd1 Be6 17. g3 d4 18. Be2 f6 19. c4 Qb2 20. a4 Qb6 21. a5
Qc5 22. Qd3 Qxa5+ 23. Kf2 Qc5 24. Kg2 a5 25. Ra1 Rdb8 26. Rhb1 Rxb1 27. Rxb1 a4
28. c3 a3 29. Ra1 dxc3 30. Qxc3 Qd4 31. Rxa3 Qxc3 32. Rxc3 c5 33. Rb3 Ra2 34.
Kf1 Ra1+ 35. Kf2 Rc1 36. Rb5 Rc2 37. Kf1 Rc1+ 38. Kf2 Rc2 39. Kf1 Kf7 40. Rxc5
Ke7 41. Rc7+ Bd7 42. c5 Kd8 43. Ra7 Rxc5 44. Kf2 g6 45. h4 f5 46. Rb7 Ke7 47.
Rb4 Kd6 48. Ke3 h6 49. Rb6+ Bc6 50. Rb8 g5 51. h5 f4+ 52. gxf4 gxf4+ 53. Kd2 e4
54. fxe4 Bxe4 55. Rh8 Rd5+ 56. Ke1 f3 57. Rxh6+ Kc5 58. Bf1 Kd4 59. Kf2 Ra5 60.
Rd6+ Ke5 61. Rb6 Kf4 62. h6 Ra2+ 63. Ke1 Rh2 64. Ra6 Rh1 65. Ra3 Rxh6 66. Rc3
Ra6 67. Rb3 Kg3 68. Re3 Ra1+ 69. Kd2 0-1

[Event "Lichtenberger Sommer"]
[Site "Berlin"]
[Date "2009.08.18"]
[Round "4.88"]
[White "Schmalzried, Volker"]
[Black "Torzinski, Nils"]
[Result "0-1"]
[WhiteElo "1875"]
[BlackElo "1332"]
[PlyCount "126"]
[EventDate "2009.??.??"]
[WhiteTeam "Umweltbundesamt"]
[BlackTeam "SC Friesen Lichtenberg e.V."]

1. c4 e5 2. Nc3 Nf6 3. g3 Bc5 4. Bg2 d6 5. Nf3 Nc6 6. O-O Bg4 7. d3 h6 8. a3 a6
9. b4 Ba7 10. Bd2 O-O 11. b5 axb5 12. cxb5 Ne7 13. a4 Bb6 14. Qc2 Qd7 15. e4
Rfc8 16. Qb3 Ba5 17. Be3 Be6 18. Qb2 c6 19. bxc6 Qxc6 20. Nb5 Ne8 21. d4 Qc2
22. Qxc2 Rxc2 23. dxe5 dxe5 24. Nxe5 f6 25. Nd4 Bc3 26. Nxc2 Bxa1 27. Rxa1 fxe5
28. Nb4 Nc7 29. Nd3 Nc6 30. Nc5 b5 31. Nxe6 Nxe6 32. Rc1 Ncd4 33. axb5 Ne2+ 34.
Kf1 Nxc1 35. Bxc1 Ra1 36. Ke2 Rxc1 37. Kd3 Rc5 38. b6 Rb5 39. Kc4 Rxb6 40. Kd5
Kf7 41. Kxe5 Rb2 42. Bh3 Ng5 43. Bg4 Rxf2 44. h4 Nh7 45. Kd6 Nf6 46. Be6+ Ke8
47. Bf5 Rd2+ 48. Ke6 Rd3 49. e5 Re3 50. Bg6+ Kf8 51. Bf5 Ne4 52. g4 Ng3 53. Bg6
h5 54. gxh5 Ne2 55. Kd6 Nf4 56. Bf5 Nxh5 57. e6 Nf4 58. Bg4 Ng2 59. h5 Re4 60.
Bf3 Rd4+ 61. Bd5 Nf4 62. e7+ Ke8 63. Ke5 Rxd5+ 0-1

[Event "Lichtenberger Sommer"]
[Site "Berlin"]
[Date "2009.08.18"]
[Round "4.89"]
[White "Hamar, Dirk"]
[Black "Wege, Hermann"]
[Result "0-1"]
[WhiteElo "1544"]
[BlackElo "1965"]
[PlyCount "106"]
[EventDate "2009.??.??"]
[WhiteTeam "SV Eutin von 1875"]
[BlackTeam "Schachclub Rathenow e.V."]

1. c4 c5 2. Nc3 Nf6 3. Nf3 e6 4. e4 Nc6 5. d4 cxd4 6. Nxd4 Qc7 7. Bg5 Be7 8.
Nxc6 dxc6 9. Qd2 e5 10. Be2 Be6 11. Rd1 Rd8 12. Qc1 O-O 13. O-O b6 14. Be3 Ng4
15. Bxg4 Bxg4 16. f3 Bh5 17. Ne2 Bg6 18. c5 b5 19. b4 a5 20. a3 axb4 21. axb4
f5 22. Bg5 fxe4 23. Bxe7 Qxe7 24. Nc3 exf3 25. gxf3 Rxd1 26. Nxd1 Qd7 27. Qe3
Qd4 28. Kf2 Bh5 29. Qxd4 exd4 30. Ke2 Bf7 31. Nb2 Bg6 32. Nd3 Re8+ 33. Kd2 Re3
34. Nf4 Bf7 35. Ra1 g5 36. Ra8+ Kg7 37. Nh3 Kg6 38. Rc8 Bd5 39. Ng1 Kf5 40. Ra8
Kg6 41. Rf8 Rb3 42. Ne2 Rxb4 43. f4 Rb2+ 44. Kd3 Bc4+ 45. Kxd4 Rxe2 46. f5+ Kg7
47. Rc8 Bd5 48. Rd8 Kf6 49. Rf8+ Ke7 50. Rc8 Rxh2 51. Rc7+ Kf6 52. Rd7 h5 53.
Rxd5 Rd2+ 0-1

[Event "Lichtenberger Sommer"]
[Site "Berlin"]
[Date "2009.08.18"]
[Round "4.90"]
[White "Theilig, Reinhard"]
[Black "Kammler, Hans-Joachim"]
[Result "1-0"]
[WhiteElo "1559"]
[BlackElo "1276"]
[PlyCount "83"]
[EventDate "2009.??.??"]
[WhiteTeam "SG TT/Wiheil"]
[BlackTeam "SG Eckturm"]

1. Nf3 d5 2. c4 c6 3. b3 e6 4. Bb2 Nf6 5. g3 Be7 6. Bg2 Nbd7 7. O-O b6 8. d3
Bb7 9. Nbd2 Qc7 10. Rc1 O-O 11. Re1 c5 12. cxd5 exd5 13. Nd4 Qd8 14. Nf5 Rb8
15. e4 d4 16. Nc4 g6 17. Nxe7+ Qxe7 18. Rb1 Ne5 19. Nxe5 Qxe5 20. Bc1 Nd7 21.
Bf4 Qg7 22. Bxb8 Rxb8 23. f4 g5 24. Qg4 f6 25. fxg5 Ne5 26. Qe6+ Kh8 27. Qxf6
Qxf6 28. gxf6 Nxd3 29. Rf1 Ne5 30. h3 d3 31. Rf5 Nf7 32. Rd1 Ba6 33. Kf2 c4 34.
bxc4 Bxc4 35. Rd2 Re8 36. Rf4 a5 37. Bf1 Ne5 38. Ke3 Rd8 39. Rf5 Nf7 40. Bxd3
b5 41. Bxc4 bxc4 42. Rxd8+ 1-0

[Event "Lichtenberger Sommer"]
[Site "Berlin"]
[Date "2009.08.18"]
[Round "4.91"]
[White "Winz, Michael"]
[Black "Glase, Johan"]
[Result "1-0"]
[WhiteElo "1691"]
[BlackElo "964"]
[PlyCount "67"]
[EventDate "2009.??.??"]
[WhiteTeam "SC Friesen Lichtenberg e.V."]
[BlackTeam "SC Friesen Lichtenberg e.V."]

1. d4 d5 2. c4 e6 3. Nc3 Nf6 4. Nf3 Bb4 5. a3 Bxc3+ 6. bxc3 Ne4 7. Qc2 Nc6 8.
e3 b6 9. Bd3 Nf6 10. O-O O-O 11. Re1 Ba6 12. Qa4 Bb7 13. Bd2 Ne4 14. Qc2 f5 15.
cxd5 exd5 16. c4 Re8 17. cxd5 Na5 18. Bxa5 bxa5 19. Bb5 Re7 20. Bc6 Rb8 21. Ne5
Nf6 22. Bxb7 Rxb7 23. Nc6 Qd6 24. Nxe7+ Qxe7 25. Qxf5 Rb5 26. e4 c6 27. Qc8+
Ne8 28. Qxc6 Rb6 29. Qc4 Nd6 30. Qd3 Rb2 31. Re2 Rxe2 32. Qxe2 Nxe4 33. f3 Qh4
34. Qxe4 1-0

[Event "Lichtenberger Sommer"]
[Site "Berlin"]
[Date "2009.08.18"]
[Round "4.92"]
[White "Oberbacher, Michael"]
[Black "Stiemerling, Karl-Heinz"]
[Result "0-1"]
[WhiteElo "1301"]
[BlackElo "1766"]
[PlyCount "78"]
[EventDate "2009.??.??"]
[WhiteTeam "SC Braunschweig Gliesmarode v. 1"]
[BlackTeam "SG Eckturm"]

1. d4 d5 2. e4 dxe4 3. Nc3 Bf5 4. f3 exf3 5. Nxf3 Nf6 6. Bc4 e6 7. O-O c6 8.
Kh1 Nbd7 9. Bg5 Be7 10. Qe1 h6 11. Bxf6 Bxf6 12. Qf2 b5 13. Be2 Bxc2 14. Ne5
O-O 15. Nxc6 Qb6 16. Bf3 Bf5 17. Qe2 a6 18. Rad1 Rac8 19. Ne5 Rc7 20. Rfe1 Bh4
21. g3 Be7 22. d5 Nxe5 23. Qxe5 Bd6 24. Qe2 e5 25. a3 Rc4 26. Qf1 Bxa3 27. bxa3
Rxc3 28. Rxe5 Bd7 29. d6 Bc6 30. Bg2 Rd8 31. Re7 Bxg2+ 32. Qxg2 Rxd6 33. Qa8+
Kh7 34. Qe4+ Rg6 35. Rxf7 Qc6 36. Qxc6 Rcxc6 37. Ra7 Rgd6 38. Re1 Rd2 39. Rae7
Rcc2 0-1

[Event "Lichtenberger Sommer"]
[Site "Berlin"]
[Date "2009.08.18"]
[Round "4.93"]
[White "Hübner, Alan-Ari"]
[Black "Schneider, Eckehard"]
[Result "0-1"]
[WhiteElo "1145"]
[BlackElo "1787"]
[PlyCount "76"]
[EventDate "2009.??.??"]
[WhiteTeam "KSC Strausberg Abt. Schach"]
[BlackTeam "Sfrd. Berlin 1903 e.V."]

1. d4 Nf6 2. c4 e6 3. Nc3 Bb4 4. Nf3 b6 5. e3 O-O 6. Bd3 Bb7 7. O-O d5 8. a3
Bxc3 9. bxc3 Nbd7 10. Re1 Re8 11. Qc2 e5 12. dxe5 Nxe5 13. Nxe5 Rxe5 14. Bb2
Qd7 15. cxd5 Qxd5 16. f3 Qc5 17. Qf2 Rae8 18. e4 Qd6 19. Qd4 Qe7 20. c4 Re6 21.
a4 Rd8 22. Qc3 c5 23. e5 Nh5 24. Be4 Nf4 25. g3 Bxe4 26. Rxe4 Nh3+ 27. Kg2 Ng5
28. Re2 f6 29. f4 Qb7+ 30. Kf2 Ne4+ 31. Rxe4 Qxe4 32. Re1 Qf5 33. exf6 Rxe1 34.
f7+ Qxf7 35. Kxe1 Re8+ 36. Kf2 Qg6 37. Kg2 Re2+ 38. Kh3 Qh5# 0-1

[Event "Lichtenberger Sommer"]
[Site "Berlin"]
[Date "2009.08.18"]
[Round "4.94"]
[White "Möller, Dirk"]
[Black "Samarian, Cornel"]
[Result "0-1"]
[WhiteElo "1602"]
[BlackElo "1811"]
[PlyCount "84"]
[EventDate "2009.??.??"]
[WhiteTeam "SC Kreuzberg e.V."]
[BlackTeam "SC Pegasus Lohkirchen"]

1. e4 d5 2. exd5 Qxd5 3. Nc3 Qd6 4. Nf3 Nf6 5. d4 a6 6. Bc4 Bg4 7. Be3 e6 8. h3
Bxf3 9. Qxf3 c6 10. O-O-O Nd5 11. Ne4 Qd7 12. g4 Be7 13. Nc5 Bxc5 14. dxc5 Qe7
15. Bd4 O-O 16. Qb3 a5 17. Bxd5 cxd5 18. Qc3 f6 19. f4 Nc6 20. Bf2 Qf7 21. Bg3
Rad8 22. Rhf1 Qd7 23. a3 Kh8 24. f5 e5 25. h4 Rf7 26. Qe3 Rdf8 27. c4 d4 28.
Qe4 Rd8 29. Rd3 Qe7 30. g5 fxg5 31. h5 Rf6 32. Rb3 h6 33. Rb5 Rf7 34. Re1 Re8
35. Kd2 Qd7 36. Rf1 Ref8 37. Bxe5 Re8 38. Rxb7 Qxb7 39. Bxg7+ Kxg7 40. Qxe8
Qxb2+ 41. Kd3 Qxa3+ 42. Ke4 Qe3+ 0-1

[Event "Lichtenberger Sommer"]
[Site "Berlin"]
[Date "2009.08.18"]
[Round "4.95"]
[White "Mako, Attila"]
[Black "Bolle, Dietrich"]
[Result "1-0"]
[WhiteElo "1756"]
[BlackElo "1374"]
[PlyCount "49"]
[EventDate "2009.??.??"]
[WhiteTeam "BSC Rehberge 1945 e.V."]
[BlackTeam "SG Eckturm"]

1. d4 Nf6 2. Bf4 e6 3. e3 d5 4. a3 c5 5. c3 Nbd7 6. Nf3 Be7 7. Bd3 Nf8 8. Ne5
Ng6 9. Nxg6 hxg6 10. Nd2 c4 11. Bc2 Bd6 12. Nf3 Bxf4 13. exf4 b5 14. Ne5 Qc7
15. Qf3 Bb7 16. Qe2 O-O-O 17. Rc1 Rh6 18. a4 a6 19. b4 Nh5 20. g3 Rdh8 21. axb5
axb5 22. Ra1 Nxf4 23. gxf4 Rxh2 24. Rxh2 Rxh2 25. Kd2 1-0